000 00816nam a2200217 4500
999 _c180911
_d180911
005 20210823155726.0
010 _aB-741175-177
020 _a9789384929411(Part-l)
_c350.00
020 _a9789384929428(Part-ll)
_c350.00
020 _a9789384929435(Part-lll)
_c350.00
037 _bGift
082 _a736.98
100 _aSharma,Prayank
245 _aOrigani Books:
_bPaper Folding Made Easy /
_cby Prayank Sharma
260 _aDelhi
_bKids Knowledge Bank
_c2020
270 _a7/20,60Ft Road, Yudhishthir Gali,
_bDelhi
_e110032
300 _a104p.
_bill
_c24cm(Pbk)
500 _aPart-1Easy Level:Part-2Medium Level:Part-3Hard Level
942 _2ddc
_cCH
_h736.98
_mSHA